| 000 | 00378pam a2200157 a 4500 | ||
|---|---|---|---|
| 020 | _c | ||
| 041 | _h | ||
| 082 |
_a617.3 _bMAL |
||
| 100 | _aMALIK M.M., FANELLI G., JOHNSON D. | ||
| 245 |
_aKNEE SURGERY : COMPLICATIONS PIT FALLS & SALVAGS _hTextual Documents |
||
| 250 | _a1. | ||
| 260 |
_bSPRINGER _c2000 |
||
| 300 |
_a507: _bXIX; _cHB. |
||
| 930 | _a5520 | ||
| 999 |
_c800047 _d800047 |
||
| 650 | _aORTHO | ||